Les saints canonisés de 2019 à 2022 - Statistiques

Statistiques générales
  • Ce quiz a été pris 12 fois
  • Le résultat moyen est 4 sur 15
Statistiques - réponses
Hint Réponse % Correct
Marie Rivier (1768-1838) Religieuse française
60%
Charles de Foucauld (1858-1916) Prêtre français
50%
Devasahayam Pillai (1712-1752) Martyr indien
30%
Titus Brandsma (1881-1942) Prêtre carme néerlandais, martyr à Dachau
30%
Joséphine Vannini (185-1911) Religieuse italienne
30%
Marie Françoise Rubatto (1844-1904) Religieuse italienne en Amérique latine
30%
Caroline Santocanale (1852-1923) Religieuse italienne fondatrice des Capucines de l'Immaculée de Lourdes
30%
Artemide Zatti (1880-1951) Laïc italien
20%
Marguerite Bays (1815-1879) Laïque suisse
20%
César des Bus (1544-1607) Prêtre français fondateur des Prêtres de la doctrine chrétienne
20%
Louis Marie Palazzolo (1826-1887) Prêtre italien
20%
Justin Russolillo (1891-1955) Prêtre italien fondateur de la Société des Divines vocations
20%
Marie Thérèse Chiramel (1876-1926) Religieuse indienne
20%
Maria Domenica Mantovani (1862-1934) Religieuse italienne fondatrice des Petites Soeurs de la Sainte Famille
10%
Margherita da Citta di Castallo (1287-1320) Tertiaire dominicaine
10%
Aucun quiz correspondant
Distribution des résultats
% des personnes avec chaque résultat
Percentile par nombre de réponses
Votre historique - résultats
Vous n’avez pas pris ce quiz